000 01264nam0a2200337 4500
001 RU\NLR\bibl\968492
005 20250614210507.0
010 _a5-98435-533-7
_95000
021 _aRU
_b2006-35789
_91790
035 _a(NLR Aleph) 000956466
090 _a312339
_c312339
100 _a20060718d2006 |||y0rusy50 ca
101 1 _arus
_ceng
102 _aRU
105 _aa |||||||||
200 1 _aЗолотые рыбки
_fБернис Брустер
_g[пер. с англ. И.В. Кузнецовой]
210 _aМосква
_cАквариум
_cАквариум-Принт
_d2006
215 _a79 с.
_cцв. ил.
_d17х26
225 1 _aАквариумист
300 _aЗагл. и авт. ориг.: Goldfish / Bernice Brewster
320 _aПредм. указ.: с. 76-78
320 _aУказ. лат. назв.: с. 79
454 0 _12001#$aGoldfish
_1700#1$aBrewster$bB.$gBernice$4070
_tGoldfish
_aBrewster, Bernice
606 1 _aЗолотые рыбки
_xСодержание в аквариумах
_92288318
_3RU\NLR\auth\661370600
686 _aП729.9
700 1 _aБрустер
_bБ.
_gБернис
_4070
801 0 _aRU
_bNLR
_c20060718
_grcr
801 1 _aRU
_bNLR
_c20060718
942 _cBOOK
980 _aNB